Normal view MARC view
  • Express highways

Entry Topical Term

Number of records used in: 2

001 - CONTROL NUMBER

  • control field: 19682

003 - CONTROL NUMBER IDENTIFIER

  • control field: NUST

005 - DATE AND TIME OF LATEST TRANSACTION

  • control field: 20190828105942.0

008 - FIXED-LENGTH DATA ELEMENTS

  • fixed length control field: 190828|| aca||aabn | a|a d

040 ## - CATALOGING SOURCE

  • Original cataloging agency: NUST
  • Transcribing agency: NUST

150 ## - HEADING--TOPICAL TERM

  • Topical term or geographic name entry element: Express highways
  • General subdivision: Design and construction.

670 ## - SOURCE DATA FOUND

  • Source citation: Work cat.: (NUST)0: Jones, John Hugh, 1919- [from old catalog] 19681, The geometric design of modern highways., 1961.
© 2023 Central Library, National University of Sciences and Technology. All Rights Reserved.